TEOLOGIA EVANGELIZACION Y LIBERACION/

Guardado en:
Detalles Bibliográficos
Autor principal: Avila, Rafael (autor)
Formato: Libro
Colección:IGLESIA LIBERADORA; 3
Temas:
Etiquetas: Agrega una etiqueta
Sin etiquetas, Sé el primero en etiquetar este registro!

MARC

LEADER 00000nam^a2200000^a^4500
001 000224084
005 20250521000000.0
009 20260310104037.884
035 |a 042640 
037 |a Acervo Xavier Clavigero 
082 |a 261.  |b AVI 
100 |a Avila, Rafael  |e (autor) 
245 1 0 |a TEOLOGIA EVANGELIZACION Y LIBERACION/  |c RAFAEL AVILA 
264 |a COLOMBIA :  |b Ediciones Paulinas,  |c 1973: 
300 |a 111p. 
336 |a texto  |b txt  |2 rdacontenido 
337 |a sin mediación  |b n  |2 rdamedio 
338 |a volumen  |b nc  |2 rdasoporte 
440 |a IGLESIA LIBERADORA;  |v 3 
649 |a XX 
650 |a Teología Social 
650 |a Evangelización 
910 |a Fondo General 
920 |a Impresos - Libros 
930 |a Colección General 
905 |a 101 
901 |a 042640  |b IT1  |c ACC  |u 20250521 
902 |a https://opac.biblio.iteso.mx/vufind/Record/000224084